[Event "Caioba op 7th"]
[Site "Caioba"]
[Date "2023.06.22"]
[Round "6"]
[White "Bezerra, Fabiano de Oliveira"]
[Black "Pirola, Claudionor Alcides"]
[Result "0-1"]
[WhiteElo "1952"]
[BlackElo "2143"]
[PlyCount "98"]
[EventDate "2023.06.18"]
[EventType "swiss"]
[EventRounds "9"]
[EventCountry "BRA"]
[SourceTitle "CBM 214 Extra"]
[Source "ChessBase"]
[SourceDate "2023.07.31"]
[SourceVersion "1"]
[SourceVersionDate "2023.07.31"]
[SourceQuality "1"]

1. e4 e5 2. Nf3 Nc6 3. Bc4 Nf6 4. d3 Bc5 5. 0-0 d6 6. a4 a6 7. c3 Ba7 8. Na3 0-0 9. Nc2 Be6 10. Bxe6 fxe6 11. Re1 Nh5 12. d4 Qf6 13. Be3 Nf4 14. g3 Ng6 15. Kg2 h6 16. Rf1 Rf7 17. Nfe1 Raf8 18. d5 exd5 19. Bxa7 Nxa7 20. Qxd5 Nc6 21. Ne3 Qg5 22. Nd3 Nce7 23. Qe6 Nf4+ 24. Nxf4 exf4 25. h4 Qh5 26. gxf4 Ng6 27. Qg4 Nxf4+ 28. Kg3 Qe5 29. f3 Rf6 30. Kf2 Rg6 31. Qd7 Nd3+ 32. Ke2 Nxb2 33. Qxc7 b5 34. axb5 axb5 35. Ra2 Nc4 36. Nxc4 Qxc3 37. Rf2 bxc4 38. Rd2 Rg2 39. Kf1 Rxf2+ 40. Rxf2 Rxf3 41. Qxd6 Rxf2+ 42. Kxf2 Qf6+ 43. Qxf6 gxf6 44. Ke3 Kf7 45. Kd4 Kg6 46. Kxc4 Kh5 47. Kd5 Kxh4 48. e5 fxe5 49. Kxe5 Kg3 0-1

[Event "Caioba op 7th"]
[Site "Caioba"]
[Date "2023.06.20"]
[Round "4"]
[White "Quintiliano Pinto, Renato Rodrigues"]
[Black "Pirola, Claudionor Alcides"]
[Result "1-0"]
[WhiteElo "2509"]
[BlackElo "2143"]
[PlyCount "35"]
[EventDate "2023.06.18"]
[EventType "swiss"]
[EventRounds "9"]
[EventCountry "BRA"]
[SourceTitle "CBM 214 Extra"]
[Source "ChessBase"]
[SourceDate "2023.07.31"]
[SourceVersion "1"]
[SourceVersionDate "2023.07.31"]
[SourceQuality "1"]

1. d4 d5 2. c4 e6 3. Nf3 c6 4. e3 Nf6 5. Bd3 dxc4 6. Bxc4 b5 7. Bd3 Bb7 8. 0-0 Nbd7 9. e4 a6 10. a4 c5 11. axb5 axb5 12. Rxa8 Qxa8 13. Bxb5 Bxe4 14. Ne5 Bxb1 15. dxc5 Bxc5 16. Nxd7 Nxd7 17. Qxd7+ Kf8 18. Bc6 1-0

[Event "Caioba op 7th"]
[Site "Caioba"]
[Date "2023.06.18"]
[Round "1"]
[White "Pirola, Claudionor Alcides"]
[Black "De Souza, Joao Francisco Biz"]
[Result "1-0"]
[WhiteElo "2143"]
[BlackElo "1401"]
[PlyCount "62"]
[EventDate "2023.06.18"]
[EventType "swiss"]
[EventRounds "9"]
[EventCountry "BRA"]
[SourceTitle "CBM 214 Extra"]
[Source "ChessBase"]
[SourceDate "2023.07.31"]
[SourceVersion "1"]
[SourceVersionDate "2023.07.31"]
[SourceQuality "1"]

1. e4 c5 2. Nf3 Nc6 3. d4 cxd4 4. Nxd4 e6 5. Nc3 Nf6 6. Ndb5 a6 7. Nd6+ Bxd6 8. Qxd6 Qe7 9. Bf4 e5 10. Qxe7+ Kxe7 11. Bg5 Nb4 12. 0-0-0 h6 13. Bxf6+ Kxf6 14. a3 Nc6 15. Nd5+ Kg6 16. Nb6 Rb8 17. Nxd7 Bxd7 18. Rxd7 Rhc8 19. Bc4 f6 20. Bf7+ Kh7 21. Kb1 Rd8 22. Rhd1 Nd4 23. Rxd8 Rxd8 24. c3 Ne6 25. Rxd8 Nxd8 26. Bd5 Kg6 27. Kc2 f5 28. exf5+ Kxf5 29. Kd3 Ne6 30. Bxe6+ Kxe6 31. c4 Kd6 1-0

[Event "BRA-ch 88th"]
[Site "Recife"]
[Date "2022.12.21"]
[Round "9"]
[White "Pirola, Claudionor Alcides"]
[Black "Cavalcante, Rodrigo Moreira"]
[Result "1-0"]
[WhiteElo "2194"]
[BlackElo "1801"]
[PlyCount "73"]
[EventDate "2022.12.15"]
[EventType "swiss"]
[EventRounds "11"]
[EventCountry "BRA"]
[SourceTitle "CBM 212 Extra"]
[Source "ChessBase"]
[SourceDate "2023.03.31"]
[SourceVersion "1"]
[SourceVersionDate "2023.03.31"]
[SourceQuality "1"]

1. e4 c5 2. Nf3 e6 3. d4 cxd4 4. Nxd4 Nc6 5. Nc3 Qc7 6. Be3 a6 7. Qd2 Nf6 8. 0-0-0 b5 9. f3 Be7 10. g4 h6 11. Kb1 b4 12. Na4 d5 13. Nxc6 Qxc6 14. Nb6 dxe4 15. Nxa8 Qxa8 16. Bc5 Qd5 17. Bxe7 Qxd2 18. Rxd2 Kxe7 19. fxe4 Nxe4 20. Rd4 Rd8 21. Rxd8 Kxd8 22. Be2 a5 23. Kc1 Ke7 24. Re1 Bb7 25. Bf3 f5 26. Bxe4 Bxe4 27. Kd2 Kd6 28. a3 bxa3 29. b3 Ke5 30. gxf5 exf5 31. Ra1 f4 32. Rxa3 f3 33. Ke3 Bxc2 34. Rxa5+ Kf6 35. b4 Bd1 36. b5 Ke5 37. b6+ 1-0

[Event "BRA-ch 88th"]
[Site "Recife"]
[Date "2022.12.19"]
[Round "6"]
[White "Pirola, Claudionor Alcides"]
[Black "Carvalho, Lazaro Miranda"]
[Result "1-0"]
[WhiteElo "2194"]
[BlackElo "1916"]
[PlyCount "101"]
[EventDate "2022.12.15"]
[EventType "swiss"]
[EventRounds "11"]
[EventCountry "BRA"]
[SourceTitle "CBM 212 Extra"]
[Source "ChessBase"]
[SourceDate "2023.03.31"]
[SourceVersion "1"]
[SourceVersionDate "2023.03.31"]
[SourceQuality "1"]

1. e4 e5 2. Bc4 Nf6 3. d3 Bc5 4. Nc3 d6 5. f4 Nc6 6. Nf3 Bg4 7. Na4 Bb6 8. Nxb6 axb6 9. c3 exf4 10. Bxf4 0-0 11. 0-0 Ne5 12. Bxe5 dxe5 13. h3 Bxf3 14. Qxf3 Qe7 15. Kh2 c6 16. Rf2 b5 17. Bb3 Rad8 18. Raf1 Rd7 19. Qe2 Qd8 20. Rf3 Kh8 21. Re3 Ng8 22. Qh5 f6 23. Be6 Rxd3 24. Rxd3 Qxd3 25. Bf5 Nh6 26. Rd1 Qe3 27. Qf3 Qxf3 28. gxf3 Nxf5 29. exf5 h5 30. Rd7 Rb8 31. Kg3 Kh7 32. a3 Kh6 33. h4 Kh7 34. Kf2 Kh6 35. Ke3 Kh7 36. Ke4 Kh6 37. Kd3 Kh7 38. c4 bxc4+ 39. Kxc4 Kh6 40. Kc5 g5 41. fxg6 Kxg6 42. Kb6 f5 43. Rd6+ Kf7 44. Ka7 Re8 45. Kxb7 Re7+ 46. Kxc6 Re6 47. Rxe6 Kxe6 48. Kc5 Kd7 49. Kd5 e4 50. fxe4 f4 51. Kd4 1-0

[Event "BRA-ch 88th"]
[Site "Recife"]
[Date "2022.12.17"]
[Round "4"]
[White "Pirola, Claudionor Alcides"]
[Black "Batista, Davi de Azevedo"]
[Result "1/2-1/2"]
[WhiteElo "2194"]
[BlackElo "1800"]
[PlyCount "43"]
[EventDate "2022.12.15"]
[EventType "swiss"]
[EventRounds "11"]
[EventCountry "BRA"]
[SourceTitle "CBM 212 Extra"]
[Source "ChessBase"]
[SourceDate "2023.03.31"]
[SourceVersion "1"]
[SourceVersionDate "2023.03.31"]
[SourceQuality "1"]

1. e4 c5 2. Nf3 d6 3. d4 cxd4 4. Nxd4 g6 5. c4 Bg7 6. Nc3 a6 7. Be3 Nd7 8. Be2 Ngf6 9. 0-0 0-0 10. Rc1 Nc5 11. f3 Ne6 12. Nc2 Bd7 13. Qd2 Rc8 14. Rfd1 Nc7 15. c5 Nce8 16. b4 Nh5 17. g4 Bxc3 18. Qxc3 Nhg7 19. Qb2 f5 20. gxf5 gxf5 21. Kh1 fxe4 22. fxe4 1/2-1/2

[Event "BRA-ch 88th"]
[Site "Recife"]
[Date "2022.12.17"]
[Round "3"]
[White "Vieira, Jeziel Do Vale"]
[Black "Pirola, Claudionor Alcides"]
[Result "1-0"]
[WhiteElo "1960"]
[BlackElo "2194"]
[PlyCount "105"]
[EventDate "2022.12.15"]
[EventType "swiss"]
[EventRounds "11"]
[EventCountry "BRA"]
[SourceTitle "CBM 212 Extra"]
[Source "ChessBase"]
[SourceDate "2023.03.31"]
[SourceVersion "1"]
[SourceVersionDate "2023.03.31"]
[SourceQuality "1"]

1. d4 d5 2. c4 e6 3. Nf3 c6 4. Nc3 dxc4 5. a4 Bb4 6. e3 b5 7. Bd2 a5 8. axb5 Bxc3 9. Bxc3 cxb5 10. b3 Bb7 11. bxc4 b4 12. Bb2 Nf6 13. Bd3 0-0 14. 0-0 Nbd7 15. Re1 Ne4 16. Nd2 f5 17. f3 Nxd2 18. Qxd2 Nb6 19. e4 Qd7 20. d5 fxe4 21. fxe4 Na4 22. dxe6 Qxe6 23. Rxa4 Qd7 24. Raa1 Rfd8 25. Qg5 Ra6 26. c5 Rg6 27. Bc4+ Kh8 28. Qe3 Qg4 29. Qe2 Qg5 30. Qf2 h6 31. Rad1 Re8 32. Bd5 Bc8 33. Rd3 Qe7 34. Rf1 Ba6 35. Rf3 Bxf1 36. Kxf1 a4 37. Bf7 Qxe4 38. Bxg6 Qxg6 39. g3 a3 40. Bd4 Qb1+ 41. Kg2 Qe4 42. Qd2 Kh7 43. Qd3 b3 44. Qxe4+ Rxe4 45. Rxb3 Rxd4 46. Rxa3 Rc4 47. Ra5 Kg6 48. Kf3 Rc2 49. h4 Rc3+ 50. Kf4 Rc4+ 51. Ke5 Kh5 52. Kd5 Rc3 53. c6 1-0

[Event "BRA-ch 88th"]
[Site "Recife"]
[Date "2022.12.16"]
[Round "2"]
[White "Pirola, Claudionor Alcides"]
[Black "Do Nascimento, Davi Alves"]
[Result "1/2-1/2"]
[WhiteElo "2194"]
[BlackElo "1968"]
[PlyCount "98"]
[EventDate "2022.12.15"]
[EventType "swiss"]
[EventRounds "11"]
[EventCountry "BRA"]
[SourceTitle "CBM 212 Extra"]
[Source "ChessBase"]
[SourceDate "2023.03.31"]
[SourceVersion "1"]
[SourceVersionDate "2023.03.31"]
[SourceQuality "1"]

1. e4 e5 2. Bc4 Nc6 3. d3 Nf6 4. Nc3 Bb4 5. Nf3 d6 6. 0-0 Bg4 7. h3 Bh5 8. Nd5 Nxd5 9. Bxd5 Rb8 10. c3 Bc5 11. Be3 Bb6 12. a4 Ne7 13. Bb3 c5 14. g4 Bg6 15. Kh2 h5 16. g5 h4 17. Qb1 Bh5 18. Nd2 Ng6 19. a5 Bc7 20. Ba4+ Kf8 21. Rg1 Kg8 22. Bb3 Qe7 23. Bd5 Kh7 24. a6 b6 25. f3 Rhf8 26. Qe1 Qd7 27. Qf2 Rbe8 28. Raf1 Bd8 29. Qe1 Qb5 30. Nc4 Qd7 31. f4 exf4 32. Bxf4 b5 33. Ne3 f6 34. gxf6 Bxf6 35. Ng4 Nxf4 36. Rxf4 Bg5 37. Rff1 Qe7 38. d4 cxd4 39. cxd4 Rf4 40. Rxf4 Bxf4+ 41. Kh1 Bg3 42. Qe2 Qg5 43. Qf3 Rc8 44. Bb3 Bg6 45. Bf7 Bxf7 46. Qxf7 Rc2 47. Rf1 Rc1 48. Nf6+ Kh6 49. Ng4+ Kh7 1/2-1/2

[Event "Cuiaba Contaud op"]
[Site "Cuiaba"]
[Date "2022.10.26"]
[Round "2"]
[White "Pirola, Claudionor Alcides"]
[Black "Arruda Filho, Ivo Pereira de"]
[Result "1-0"]
[WhiteElo "2157"]
[BlackElo "1736"]
[PlyCount "73"]
[EventDate "2022.10.25"]
[EventType "swiss"]
[EventRounds "9"]
[EventCountry "BRA"]
[SourceTitle "EXT 2024"]
[Source "ChessBase"]
[SourceDate "2023.10.10"]
[SourceVersion "1"]
[SourceVersionDate "2023.10.10"]
[SourceQuality "1"]

1. e4 c5 2. Nf3 d6 3. d4 cxd4 4. Nxd4 Nf6 5. Nc3 a6 6. Bg5 e6 7. f4 Qb6 8. Qd2 Be7 9. e5 dxe5 10. fxe5 Ng8 11. 0-0-0 Nc6 12. Nf3 Bb4 13. Bc4 Nge7 14. a3 Bxc3 15. Qxc3 0-0 16. Rd6 Nf5 17. Rd2 h6 18. g4 hxg5 19. gxf5 g4 20. Ng5 Ne7 21. Qg3 Nxf5 22. Qxg4 Nh6 23. Qe4 Nf5 24. Re1 Qc6 25. Qg4 Nh6 26. Qh4 b5 27. Bd3 Bb7 28. Rg1 Qc5 29. Qg3 Qe7 30. Nh7 f5 31. exf6 Rxf6 32. Nxf6+ Qxf6 33. Rf2 Nf5 34. Bxf5 exf5 35. Rxf5 Qh6+ 36. Kb1 Be4 37. Rg5 1-0

[Event "Ceske Budejovice op-A"]
[Site "Ceske Budejovice"]
[Date "2022.07.07"]
[Round "7"]
[White "Pirola, Claudionor Alcides"]
[Black "Ondrejat, Miroslav"]
[Result "1-0"]
[WhiteElo "2100"]
[BlackElo "1903"]
[PlyCount "65"]
[EventDate "2022.07.01"]
[EventType "swiss"]
[EventRounds "9"]
[EventCountry "CZE"]
[SourceTitle "CBM 209 Extra"]
[Source "ChessBase"]
[SourceDate "2022.09.30"]
[SourceVersion "1"]
[SourceVersionDate "2022.09.30"]
[SourceQuality "1"]

1. e4 c5 2. Nf3 e6 3. d4 cxd4 4. Nxd4 Nf6 5. Nc3 Nc6 6. Nxc6 bxc6 7. e5 Nd5 8. Ne4 Qc7 9. f4 Qb6 10. a3 Ba6 11. c4 Ne3 12. Qd3 Nxf1 13. Rxf1 c5 14. Rf2 Bb7 15. Be3 Qc6 16. 0-0-0 0-0-0 17. Nd6+ Bxd6 18. Qxd6 Qxd6 19. Rxd6 Bc6 20. Bxc5 Kb7 21. b4 a6 22. a4 Rc8 23. a5 Ka8 24. Kd2 Rb8 25. Ke3 Rb7 26. Rb2 Rhb8 27. Bb6 h5 28. b5 axb5 29. cxb5 Bd5 30. Bc5 Bc6 31. b6 Rd8 32. a6 Rbb8 33. Rd4 1-0

[Event "Ceske Budejovice op-A"]
[Site "Ceske Budejovice"]
[Date "2022.07.04"]
[Round "4"]
[White "Pirola, Claudionor Alcides"]
[Black "Hrbek, Stepan"]
[Result "0-1"]
[WhiteElo "2100"]
[BlackElo "2272"]
[PlyCount "52"]
[EventDate "2022.07.01"]
[EventType "swiss"]
[EventRounds "9"]
[EventCountry "CZE"]
[SourceTitle "CBM 209 Extra"]
[Source "ChessBase"]
[SourceDate "2022.09.30"]
[SourceVersion "1"]
[SourceVersionDate "2022.09.30"]
[SourceQuality "1"]

1. e4 e5 2. Bc4 Nf6 3. d3 Nc6 4. Nc3 Na5 5. Nge2 c6 6. 0-0 b5 7. Bb3 Be7 8. Ng3 Nxb3 9. axb3 d5 10. exd5 b4 11. Na4 Nxd5 12. Re1 0-0 13. Rxe5 Bd6 14. Re1 f5 15. c4 bxc3 16. bxc3 f4 17. Ne4 f3 18. Nxd6 Qxd6 19. Ba3 Qg6 20. g3 Rf6 21. Re5 Nf4 22. Be7 Ne2+ 23. Kf1 Bh3+ 24. Ke1 Re6 25. Re3 Rxe3 26. fxe3 Qf7 0-1

[Event "Teresina op 7th"]
[Site "Teresina"]
[Date "2019.08.04"]
[Round "5"]
[White "Serafim Junior, Arnor"]
[Black "Pirola, Claudionor Alcides"]
[Result "0-1"]
[WhiteElo "1781"]
[BlackElo "2093"]
[PlyCount "58"]
[EventDate "2019.08.02"]
[EventType "swiss"]
[EventRounds "6"]
[EventCountry "BRA"]
[SourceTitle "EXT 2020"]
[Source "ChessBase"]
[SourceDate "2019.10.17"]
[SourceVersion "1"]
[SourceVersionDate "2019.10.17"]
[SourceQuality "1"]

1. Nf3 Nf6 2. g3 g6 3. Bg2 Bg7 4. 0-0 0-0 5. d3 d6 6. c4 Nh5 7. Nc3 f5 8. Ng5 e6 9. f4 Nc6 10. e3 a5 11. d4 h6 12. d5 hxg5 13. dxc6 bxc6 14. Bxc6 Rb8 15. Nb5 Bb7 16. Bxb7 Rxb7 17. Rb1 Nf6 18. b3 Ne4 19. Bb2 c6 20. Bxg7 Rxg7 21. Nd4 Qb6 22. Qd3 Re8 23. Rbd1 e5 24. fxe5 dxe5 25. Nc2 g4 26. Kg2 Rb7 27. h3 gxh3+ 28. Kxh3 Qc5 29. Rh1 Nf2+ 0-1

[Event "Lisbon Portugal rapid op"]
[Site "Lisbon"]
[Date "2019.02.10"]
[Round "8"]
[White "Pirola, Claudionor Alcides"]
[Black "Candeias, Humberto"]
[Result "1-0"]
[WhiteElo "2113"]
[BlackElo "1932"]
[PlyCount "103"]
[EventDate "2019.02.10"]
[EventType "swiss (rapid)"]
[EventRounds "8"]
[EventCountry "POR"]
[SourceTitle "CBM 188 Extra"]
[Source "ChessBase"]
[SourceDate "2019.02.26"]
[SourceVersion "1"]
[SourceVersionDate "2019.02.26"]
[SourceQuality "1"]

1. e4 e5 2. Nf3 Nc6 3. Bb5 f5 4. d3 fxe4 5. dxe4 Nf6 6. 0-0 Bc5 7. Bxc6 bxc6 8. Nxe5 0-0 9. Bg5 Qe8 10. Bxf6 Rxf6 11. Nd3 Bd4 12. c3 Bb6 13. Nd2 d6 14. Qc2 Bg4 15. Rfe1 Qh5 16. Nf1 Raf8 17. Ne3 Be6 18. c4 Rh6 19. Nf1 Bd4 20. Rad1 c5 21. b4 Bg4 22. Rd2 g5 23. bxc5 dxc5 24. e5 Rf3 25. gxf3 Bxf3 26. Re3 Qg4+ 27. Ng3 Bxe3 28. fxe3 Rxh2 29. Rxh2 Qxg3+ 30. Kf1 Be4 31. Rf2 Qxe3 32. Qd2 Bxd3+ 33. Kg1 Qxd2 34. Rxd2 Bxc4 35. Rd7 Bxa2 36. Rxc7 a6 37. Kf2 h5 38. Kg3 Be6 39. Rxc5 h4+ 40. Kh2 Kf7 41. Rc6 Bc4 42. Rxc4 Ke6 43. Ra4 Kxe5 44. Rxa6 g4 45. Ra4 Kf5 46. Kg2 Kg5 47. Kf2 Kf5 48. Ke3 h3 49. Ra5+ Kg6 50. Kf4 h2 51. Ra1 Kh5 52. Kg3 1-0

[Event "Lisbon Portugal rapid op"]
[Site "Lisbon"]
[Date "2019.02.10"]
[Round "2"]
[White "Pirola, Claudionor Alcides"]
[Black "Hansen, Eric"]
[Result "0-1"]
[WhiteElo "2113"]
[BlackElo "2615"]
[PlyCount "62"]
[EventDate "2019.02.10"]
[EventType "swiss (rapid)"]
[EventRounds "8"]
[EventCountry "POR"]
[SourceTitle "CBM 188 Extra"]
[Source "ChessBase"]
[SourceDate "2019.02.26"]
[SourceVersion "1"]
[SourceVersionDate "2019.02.26"]
[SourceQuality "1"]

1. e4 c5 2. Nc3 e6 3. Nf3 a6 4. d4 cxd4 5. Nxd4 Qc7 6. f4 b5 7. a3 Bb7 8. Bd3 Nc6 9. Nxc6 Bxc6 10. Qe2 Qb7 11. 0-0 h5 12. Be3 h4 13. h3 Nf6 14. Bf2 Be7 15. Rfe1 Nh5 16. Qg4 Nf6 17. Qe2 g6 18. Bd4 Rh5 19. e5 Nd5 20. Qg4 Nxc3 21. bxc3 Kf8 22. Bxg6 fxg6 23. Qxg6 Rf5 24. g4 hxg3 25. Re3 Rf7 26. Rxg3 Ke8 27. h4 Bf8 28. h5 Be4 29. Qg8 Bh7 30. Qg4 Qe4 31. h6 Be7 0-1

[Event "Lisbon Portugal op"]
[Site "Lisbon"]
[Date "2019.02.03"]
[Round "3"]
[White "Low, Zhen Yu Cyrus"]
[Black "Pirola, Claudionor Alcides"]
[Result "1-0"]
[WhiteElo "2377"]
[BlackElo "2113"]
[PlyCount "56"]
[EventDate "2019.02.02"]
[EventType "swiss"]
[EventRounds "9"]
[EventCountry "POR"]
[SourceTitle "CBM 188 Extra"]
[Source "ChessBase"]
[SourceDate "2019.02.26"]
[SourceVersion "1"]
[SourceVersionDate "2019.02.26"]
[SourceQuality "1"]

1. e4 e5 2. Nf3 Nc6 3. Bc4 Nf6 4. Ng5 d5 5. exd5 Na5 6. Bb5+ c6 7. dxc6 bxc6 8. Bd3 Nd5 9. Nf3 Nf4 10. 0-0 Nxd3 11. cxd3 Bd6 12. Re1 0-0 13. Nc3 c5 14. b3 f6 15. Ne4 Ba6 16. Ba3 Nb7 17. Qc2 Rc8 18. Rac1 Qb6 19. b4 cxb4 20. Qb3+ Kh8 21. Nxd6 Nxd6 22. Qxb4 Qxb4 23. Bxb4 Rfd8 24. Rxc8 Nxc8 25. d4 exd4 26. Nxd4 Kg8 27. Nc6 Rd7 28. Nb8 Rc7 1-0

[Event "Lisbon Portugal op"]
[Site "Lisbon"]
[Date "2019.02.03"]
[Round "2"]
[White "Pirola, Claudionor Alcides"]
[Black "Aguera Naredo, Javier"]
[Result "1/2-1/2"]
[WhiteElo "2113"]
[BlackElo "2346"]
[PlyCount "56"]
[EventDate "2019.02.02"]
[EventType "swiss"]
[EventRounds "9"]
[EventCountry "POR"]
[SourceTitle "CBM 188 Extra"]
[Source "ChessBase"]
[SourceDate "2019.02.26"]
[SourceVersion "1"]
[SourceVersionDate "2019.02.26"]
[SourceQuality "1"]

1. e4 c5 2. d3 Nc6 3. f4 d5 4. Be2 Nf6 5. e5 Nd7 6. c4 Nb6 7. b3 dxc4 8. dxc4 Qd4 9. Qxd4 Nxd4 10. Bd1 Bf5 11. Na3 Be4 12. Kf2 g5 13. Nf3 Bxf3 14. Bxf3 Nxf3 15. gxf3 Bg7 16. Nb5 Kd7 17. Bb2 Kc6 18. fxg5 a6 19. Na3 h6 20. h4 Rad8 21. Ke2 Nc8 22. Nc2 e6 23. Ne3 Ne7 24. f4 Ng6 25. Ng2 Ne7 26. Ne3 Ng6 27. Ng2 Ne7 28. Ne3 Ng6 1/2-1/2

[Event "Florianopolis op 5th"]
[Site "Florianopolis"]
[Date "2019.01.22"]
[Round "3"]
[White "Fier, Alexandr"]
[Black "Pirola, Claudionor Alcides"]
[Result "1-0"]
[WhiteElo "2540"]
[BlackElo "2130"]
[PlyCount "95"]
[EventDate "2019.01.21"]
[EventType "swiss"]
[EventRounds "10"]
[EventCountry "BRA"]
[SourceTitle "CBM 188 Extra"]
[Source "ChessBase"]
[SourceDate "2019.02.26"]
[SourceVersion "1"]
[SourceVersionDate "2019.02.26"]
[SourceQuality "1"]

1. e4 e5 2. Nf3 Nc6 3. Bb5 a6 4. Ba4 Nf6 5. 0-0 Be7 6. Re1 b5 7. Bb3 d6 8. c3 0-0 9. a4 Bd7 10. d4 Bg4 11. d5 Na5 12. Bc2 c6 13. dxc6 Qc7 14. h3 Bxf3 15. Qxf3 b4 16. cxb4 Nxc6 17. Nc3 Nxb4 18. Bb3 Rab8 19. Qd1 Nc6 20. Bc4 Nb4 21. b3 Rfd8 22. a5 Nxe4 23. Nd5 Nxd5 24. Qxd5 Nf6 25. Qxf7+ Kh8 26. Be3 Rd7 27. Bb6 Qb7 28. Qe6 d5 29. Bf1 Bd6 30. Qf5 Re7 31. Qd3 Ra8 32. Rac1 Nd7 33. Be3 d4 34. Bg5 Ree8 35. Rc4 Nc5 36. Qc2 h6 37. Bd2 Nxb3 38. Rb1 Reb8 39. Rc6 Qd7 40. Rxb3 Rxb3 41. Rxd6 Qxd6 42. Qxb3 e4 43. Qb7 Re8 44. Qxa6 Qa3 45. Qg6 Re7 46. Bg5 hxg5 47. Qh5+ Kg8 48. Bc4+ 1-0

[Event "Florianopolis op 5th"]
[Site "Florianopolis"]
[Date "2019.01.22"]
[Round "2"]
[White "Pirola, Claudionor Alcides"]
[Black "Leon Lopes, Sergio Amadeus"]
[Result "1-0"]
[WhiteElo "2130"]
[BlackElo "1879"]
[PlyCount "83"]
[EventDate "2019.01.21"]
[EventType "swiss"]
[EventRounds "10"]
[EventCountry "BRA"]
[SourceTitle "CBM 188 Extra"]
[Source "ChessBase"]
[SourceDate "2019.02.26"]
[SourceVersion "1"]
[SourceVersionDate "2019.02.26"]
[SourceQuality "1"]

1. e4 e5 2. Nf3 Nf6 3. Nc3 Nc6 4. d4 exd4 5. Nxd4 Bb4 6. Nxc6 bxc6 7. Bd3 d5 8. exd5 cxd5 9. 0-0 0-0 10. h3 h6 11. Qf3 c6 12. Bf4 Bd6 13. b3 Bxf4 14. Qxf4 Be6 15. Na4 Qa5 16. c4 Qb4 17. Rac1 Rac8 18. Bf5 c5 19. g4 Rfe8 20. Rc3 Bxf5 21. Qxf5 d4 22. Rc2 Rc6 23. Nb2 g6 24. Qf3 Rce6 25. Nd3 Qb6 26. Nf4 Re4 27. Re2 Rxe2 28. Nxe2 Qe6 29. Nf4 Qa6 30. Nd3 Nd7 31. Qd5 Qe6 32. Re1 Qxe1+ 33. Nxe1 Rxe1+ 34. Kg2 Ne5 35. b4 d3 36. bxc5 d2 37. c6 Nxc4 38. c7 Nb6 39. Qxd2 Re8 40. Qd8 Kf8 41. a4 Nc8 42. a5 1-0

[Event "Florianopolis op 5th"]
[Site "Florianopolis"]
[Date "2019.01.21"]
[Round "1"]
[White "De Souza, Paulo H Pinheiro"]
[Black "Pirola, Claudionor Alcides"]
[Result "0-1"]
[WhiteElo "1619"]
[BlackElo "2130"]
[PlyCount "66"]
[EventDate "2019.01.21"]
[EventType "swiss"]
[EventRounds "10"]
[EventCountry "BRA"]
[SourceTitle "CBM 188 Extra"]
[Source "ChessBase"]
[SourceDate "2019.02.26"]
[SourceVersion "1"]
[SourceVersionDate "2019.02.26"]
[SourceQuality "1"]

1. c4 Nf6 2. Nc3 g6 3. d3 Bg7 4. Nf3 d6 5. g3 0-0 6. Bg2 Nc6 7. 0-0 Nh5 8. Rb1 a5 9. a3 f5 10. Nd5 e6 11. Bg5 Qd7 12. Nf4 Nf6 13. Bxf6 Bxf6 14. e3 Qf7 15. Qa4 Bd7 16. Qb3 Ra7 17. Qd1 Kh8 18. b3 g5 19. Ne2 Rg8 20. d4 e5 21. d5 Ne7 22. Re1 f4 23. exf4 gxf4 24. Nc3 b6 25. Ne4 Nf5 26. Bh3 Be7 27. Rb2 Raa8 28. Bxf5 Qxf5 29. Qe2 Raf8 30. Rf1 Rg6 31. Kh1 Rh6 32. Rg1 Qh5 33. Nh4 f3 0-1

[Event "Brasilia Terraviva op"]
[Site "Brasilia"]
[Date "2019.01.12"]
[Round "4"]
[White "Rocha, Arthur Ferreira"]
[Black "Pirola, Claudionor Alcides"]
[Result "1/2-1/2"]
[WhiteElo "1920"]
[BlackElo "2130"]
[PlyCount "66"]
[EventDate "2019.01.10"]
[EventType "swiss"]
[EventRounds "7"]
[EventCountry "BRA"]
[SourceTitle "CBM 188 Extra"]
[Source "ChessBase"]
[SourceDate "2019.02.26"]
[SourceVersion "1"]
[SourceVersionDate "2019.02.26"]
[SourceQuality "1"]

1. Nf3 Nf6 2. c4 g6 3. g3 Bg7 4. Bg2 0-0 5. d4 c6 6. Nc3 d5 7. cxd5 cxd5 8. 0-0 Ne4 9. Qb3 Nxc3 10. bxc3 Nc6 11. Bf4 Na5 12. Qd1 b6 13. Re1 Bb7 14. Rc1 Rc8 15. h4 e6 16. Qd3 Qe7 17. Nd2 Qa3 18. e4 Nc4 19. exd5 Nxd2 20. Qxd2 Bxd5 21. Bxd5 exd5 22. Be5 Rc6 23. Bxg7 Kxg7 24. Re5 Rfc8 25. h5 Rxc3 26. h6+ Kf8 27. Rce1 Rc1 28. Qf4 Rxe1+ 29. Rxe1 Kg8 30. Qf6 Qf8 31. Re7 Rc6 32. Qe5 Rc8 33. Qf6 Rc6 1/2-1/2

[Event "Luiz Rego Memorial 5th"]
[Site "Teresina"]
[Date "2017.08.06"]
[Round "5"]
[White "Leitao, Rafael Duailibe"]
[Black "Pirola, Claudionor Alcides"]
[Result "1-0"]
[WhiteElo "2623"]
[BlackElo "2104"]
[PlyCount "115"]
[EventDate "2017.08.04"]
[EventType "swiss"]
[EventRounds "6"]
[EventCountry "BRA"]
[SourceTitle "CBM 180 Extra"]
[Source "ChessBase"]
[SourceDate "2017.10.06"]
[SourceVersion "1"]
[SourceVersionDate "2017.10.06"]
[SourceQuality "1"]

1. d4 Nf6 2. c4 g6 3. g3 c6 4. Bg2 d5 5. Qa4 Nbd7 6. cxd5 Nb6 7. Qd1 cxd5 8. Nc3 Bg7 9. e3 0-0 10. Nge2 Bd7 11. b3 Bc6 12. 0-0 Nc8 13. Nf4 e6 14. Nd3 Nd6 15. Ne5 Rc8 16. Ba3 Re8 17. Qd3 Bf8 18. Bb2 Qb6 19. Rfc1 Red8 20. Nxc6 Rxc6 21. Na4 Qb5 22. Qxb5 Rxc1+ 23. Rxc1 Nxb5 24. Kf1 Nd6 25. Ke2 Rc8 26. Rxc8 Nxc8 27. Nc5 Nd6 28. f3 b6 29. Nd3 Be7 30. Ne5 Nc8 31. Nc6 Kf8 32. Kd2 Ne8 33. e4 Nc7 34. Nxe7 Kxe7 35. Ke3 f6 36. h4 Kf7 37. g4 f5 38. Kf4 fxe4 39. fxe4 Ne7 40. Ke5 dxe4 41. Bxe4 Ncd5 42. g5 Ne3 43. Bf3 N3f5 44. h5 gxh5 45. Bxh5+ Ng6+ 46. Bxg6+ hxg6 47. d5 exd5 48. Kxd5 Nh4 49. Kc6 Ke6 50. Kb7 Kd7 51. Kxa7 Kc6 52. a4 Nf3 53. b4 b5 54. a5 Kc7 55. a6 Nd2 56. Be5+ Kc8 57. Bf4 Nc4 58. Bh2 1-0

[Event "Luiz Rego Memorial 5th"]
[Site "Teresina"]
[Date "2017.08.05"]
[Round "4"]
[White "Pirola, Claudionor Alcides"]
[Black "Albuquerque, Wellington S Jr"]
[Result "1-0"]
[WhiteElo "2104"]
[BlackElo "2171"]
[PlyCount "49"]
[EventDate "2017.08.04"]
[EventType "swiss"]
[EventRounds "6"]
[EventCountry "BRA"]
[SourceTitle "CBM 180 Extra"]
[Source "ChessBase"]
[SourceDate "2017.10.06"]
[SourceVersion "1"]
[SourceVersionDate "2017.10.06"]
[SourceQuality "1"]

1. e4 e5 2. Nf3 Nc6 3. Bb5 Nf6 4. 0-0 Nxe4 5. Re1 Nd6 6. Nxe5 Nxe5 7. Rxe5+ Be7 8. Nc3 0-0 9. Bf1 Ne8 10. Nd5 Bd6 11. Re1 Nf6 12. Ne3 Re8 13. d4 Bf8 14. d5 Bc5 15. a3 a5 16. b3 Bf8 17. Bb2 d6 18. Qf3 Bd7 19. Bd3 h6 20. h3 c6 21. c4 c5 22. a4 Be7 23. Bf5 Rf8 24. Bxd7 Nxd7 25. Bxg7 1-0